Abbey Road songs quiz - Statistics

General Stats
  • This quiz has been taken 343 times
  • The average score is 14 of 17
Answer Stats
Answer % Correct
Come Together
94%
Something
91%
The End
91%
Here Comes the Sun
89%
Maxwell's Silver Hammer
88%
Octopus's Garden
88%
Her Majesty
86%
Mean Mr. Mustard
84%
Golden Slumbers
82%
I Want You (She's So Heavy)
81%
Oh! Darling
80%
Carry That Weight
79%
Polythene Pam
79%
She Came In Through the Bathroom Window
79%
Sun King
78%
Because
77%
You Never Give Me Your Money
72%
No matching quizzes found
Score Distribution
Percent of People with Each Score
Percentile by Number Answered
Your Score History
You have not taken this quiz